000 00330nam a22001457a 4500
003 SGT
020 _a9788131253809
082 _a340.59
_bMAH
100 _aMAHMOOD TAHIR , MAHMOOD SAIF
245 _aINTRODUCTION TO MUSLIM LAW
250 _a2
260 _aLEXIS NEXIS
_bGURGAON
_c2019
300 _aXI ,243
942 _2ddc
_cBK
_016
999 _c19765
_d19765